Statistics for Guess the Flags: Easy Mode

Click here to take the quiz!

General Stats

  • This quiz has been taken 48 times
  • The average score is 7 of 8

Answer Stats

Answer% Correct
China
100%
Japan
100%
United States
100%
Canada
95%
Germany
95%
Russia
92%
Sweden
89%
Morocoo
11%

Score Distribution

Percentile by Number Answered

Percent of People with Each Score

Your Score History

You have not taken this quiz